Vysokonapäťová poistka obmedzujúca prúd

Bibliographic Details
Corporate Author: Cooper (U. K.) Limited (Leicestershire, Veľká Británia) (Patent holder)
Other Authors: Handcock, Harold John (Originator), Judson, Mark Paul (Originator)
Format: Book
Language:Slovak
PhysicalDescription:9 s. obr. 30 cm
Published: [Banská Bystrica] Úrad priemyselného vlastníctva SR [2010]
Subjects:

MARC

LEADER 00000nam a2200000 a 4500
001 vtls010122125
003 SK-MaSNL
005 20260331205943.0
008 251120s2010 xo a j f000 0 slo
013 |a 287317  |b SK  |c patent  |d 20100707  |e dátum nadobudnutia účinkov patentu (Vestník ÚPV SR č.: 7/2010)  |d 20100610  |e dátum sprístupnenia patentu 
013 |a 212-2002  |e číslo prihlášky  |d 20020208  |e dátum podania prihlášky  |d 20020910  |e dátum zverejnenia prihlášky (Vestník ÚPV SR č.: 09/2002) 
013 |a 0103541.9  |e číslo prioritnej prihlášky  |d 20010213  |e dátum podania prioritnej prihlášky  |b GB  |e kód krajiny prioritnej prihlášky 
015 |a SNBN2013 
040 |a SNK  |b slo  |c SNK  |e AACR2 
041 0 |a slo 
044 |a xo  |c SK 
072 7 |a 621.3  |x Elektrotechnika  |2 konspekt 
080 |a 621.316.53/.57  |2 2001 
084 |a H01H 85/00  |2 IPC 
100 1 |a Handcock, Harold John  |4 org  |9 325688 
245 1 0 |a Vysokonapäťová poistka obmedzujúca prúd  |c Harold John Handcock, Mark Paul Judson ; patent. zást. Jaroslav Guniš 
260 |a [Banská Bystrica]  |b Úrad priemyselného vlastníctva SR  |c [2010] 
300 |a 9 s.  |b obr.  |c 30 cm 
650 0 7 |a spínače  |2 SNKPH  |9 24331 
650 0 7 |a elektrické zariadenia  |2 SVKBBPH  |9 3916 
650 0 7 |a Switching devices  |2 SNKPHeng  |9 298155 
650 0 7 |a Electric equipment  |2 SNKPHeng  |9 319494 
655 7 |a patenty  |2 SNKPH  |9 177343 
655 7 |a patent licenses  |2 SNKPHeng  |9 303430 
700 1 |a Judson, Mark Paul  |4 org  |9 325689 
700 1 |a Guniš, Jaroslav  |4 oth  |9 314333 
710 2 |a Cooper (U. K.) Limited (Leicestershire, Veľká Británia)  |4 pth  |9 325690 
852 |a Štátna vedecká knižnica v Banskej Bystrici 
999 |c 575626  |d 577556 
952 |a SNK  |b SNK  |y PREZ  |7 0  |p 17A1068815  |o snkSK 287317  |i snk2013/11277  |8 0  |0 0  |1 0  |4 0  |d 2013-05-20  |l 0  |r 2026-02-23 14:31:16  |w 2026-02-23